000 008960000a22002890004500
001 33
003 CO-MdFUSB
005 20160318152808.0
008 160318t19641964spa |f |||| 00| 0 spa d
010 _aCO-MdFUSB
040 _cCO-MdFUSB
_erda
041 0 _aSPA
082 0 4 _aR 220.2 S6341c
100 1 _aSloan, William Hill
245 1 0 _aCompleta concordancia española de las Sagradas Escrituras ó sea diccionario alfabético de la Biblia
_f/ William Hill Sloan
250 _a3
260 _aNew York, USA : Sociedad Americana de Tratados
264 _aNew York, USA
_b: Sociedad Americana de Tratados
_c1964
300 _a1015 Pag. 1015 Pag.
336 _a5
337 _2rdamedia
_a2
338 _a2
504 _aIncluye referencias bibliográficas: páginas
650 1 4 _aBIBLIA - CONCORDANCIAS
653 _aBIBLIA - CONCORDANCIAS
_aBIBLIA - CONCORDANCIAS
942 _cBK
999 _c31589
_d31589